Geopolítica : una breve introducción /

Bibliographic Details
Main Author: Dodds, Klaus (Author)
Other Authors: Soler Chic, Joan (Translator)
Format: Electronic eBook
Language:Spanish
English
Published: Barcelona : Antoni Bosch editor, [2021]
Subjects:
Online Access:Digitalia Hispánica

MARC

LEADER 00000nam a2200000Ii 4500
001 DIGANBSCH0038
003 NyNyDIG
006 m o d
007 cr |||||||||||
008 240103s2021 sp ob 001 0 spa d
035 |a (OCoLC)1417821482 
040 |a DGITA  |b eng  |e rda  |e pn  |c DGITA 
020 |a 9788412106367  |q eBook 
020 |z 9788412106350 
041 1 |a spa  |h eng 
050 1 4 |a JC319 ebook 
082 0 4 |a 320.12  |2 23 
100 1 |a Dodds, Klaus,  |e author. 
240 1 0 |a Geopolitics.  |l Spanish  |s (Soler Chic) 
245 1 0 |a Geopolítica :  |b una breve introducción /  |c Klaus Dodds ; traducción de Joan Soler Chic. 
264 1 |a Barcelona :  |b Antoni Bosch editor,  |c [2021] 
300 |a 1 online resource. 
336 |a text  |b txt  |2 rdacontent 
337 |a computer  |b c  |2 rdamedia 
338 |a online resource  |b cr  |2 rdacarrier 
347 |a text file  |2 rdaft 
347 |b EPUB 
504 |a Includes bibliographical references and index. 
588 0 |a Online resource; title from ePub title page (Digitalia, viewed January 3, 2024) 
650 0 |a Geopolitics. 
700 1 |a Soler Chic, Joan,  |e translator.  
700 1 |i Translation of:  |a Dodds, Klaus.  |t Geopolitics. 
791 2 |a Digitalia (Firm),  |e distributor. 
793 0 |g Digitalia eBook Collection:  |a Antoni Bosch Editor 
776 0 8 |i Print version:  |a Dodds, Klaus.  |s Geopolitics. Spanish (Soler Chic).  |t Geopolítica.  |d Barcelona : Antoni Bosch editor, [2021]  |z 9788412106350 
856 4 0 |3 Digitalia Hispánica  |u https://www.digitaliapublishing.com/a/100510/ 
910 |a Premium collection: 2024